Rawson /
Guardado en:
| Autor Principal: | |
|---|---|
| Formato: | Libro |
| Publicado: |
Buenos Aires :
Centro Editor de Amrica Latina,
1983
|
| Series: | Biblioteca pol¡tica argentina,
|
| Materias: | |
| Etiquetas: |
Agregar Etiqueta
Sin Etiquetas, Sea el primero en etiquetar este registro!
|
| LEADER | 00588nam a22001935a 4500 | ||
|---|---|---|---|
| 001 | CEM.cems012003 | ||
| 005 | 20060214000000.0 | ||
| 008 | 130507s1983##################000#0#####d | ||
| 003 | CEMS | ||
| 082 | 0 | 4 | |a 982.06 |
| 100 | 1 | |a Rodríguez Lamas, Daniel | |
| 245 | 1 | 0 | |a Rawson / |c Ramírez / |
| 260 | |a Buenos Aires : |b Centro Editor de Amrica Latina, |c 1983 | ||
| 300 | |a 159 p. | ||
| 490 | 0 | |a Biblioteca pol¡tica argentina, | |
| 653 | |a Historia | ||
| 653 | |a Historia argentina 1930-1958 | ||
| 653 | |a Movimiento obrero y peronismo | ||
| 859 | |a CEMS |b BIB. CEMS - 11 de abril |h 982.06 |i R618 |p 23165.05 |t Ej.1 | ||
